<?xml version="1.0" encoding="UTF-8"?>
<marc:record xmlns:marc="http://www.loc.gov/MARC21/slim">
   <marc:leader>00000nam a2200000 a 4500</marc:leader>
   <marc:datafield ind1="0" ind2="0" tag="245">
      <marc:subfield code="a">Der ganz normale Wahnsinn</marc:subfield>
   </marc:datafield>
   <marc:datafield ind1="0" ind2="0" tag="245">
      <marc:subfield code="b">Working Mum</marc:subfield>
   </marc:datafield>
   <marc:datafield ind1=" " ind2="1" tag="264">
      <marc:subfield code="a">Berlin</marc:subfield>
      <marc:subfield code="b">Universal Family Entertainment</marc:subfield>
      <marc:subfield code="c">2011</marc:subfield>
   </marc:datafield>
   <marc:datafield ind1="1" ind2=" " tag="490">
      <marc:subfield code="a">1</marc:subfield>
   </marc:datafield>
   <marc:datafield ind1="1" ind2=" " tag="520">
      <marc:subfield code="a">Kate Reddy ist nicht nur eine erfolgreiche Managerin, sondern auch eine liebende Ehefrau und hingebungsvolle Mutter zweier Kinder. Wenn jeder Tag aus weiteren 24 Stunden bestünde, wäre das Leben perfekt. In Wahrheit aber steht Kate unter Dauerstrom, hat jede Minute des Tages doppelt verplant und bewältigt den Nonstop-Balanceakt nur mit vielen Merkzetteln und spontanem Chaosmanagement.</marc:subfield>
   </marc:datafield>
   <marc:datafield ind1=" " ind2=" " tag="020">
      <marc:subfield code="a">5050582882841</marc:subfield>
      <marc:subfield code="9">5050582882841</marc:subfield>
   </marc:datafield>
   <marc:datafield ind1=" " ind2=" " tag="300">
      <marc:subfield code="a">86 Min.</marc:subfield>
   </marc:datafield>
</marc:record>
